Perkembangan pelabuhan Sandakan, 1879-1941 /
محفوظ في:
| المؤلف الرئيسي: | |
|---|---|
| التنسيق: | أطروحة كتاب |
| اللغة: | Malay |
| منشور في: |
2018.
|
| الموضوعات: | |
| الوسوم: |
إضافة وسم
لا توجد وسوم, كن أول من يضع وسما على هذه التسجيلة!
|
| LEADER | 01196cam a2200313 i 4500 | ||
|---|---|---|---|
| 001 | u1127531 | ||
| 003 | SIRSI | ||
| 005 | 201911290847 | ||
| 008 | 191129s2018 my ab m 000 0 may | ||
| 040 | |a UMM |e rda | ||
| 043 | |a a-my-sa | ||
| 090 | |a D7 |b UM 2018 Sam | ||
| 100 | 1 | |a Samad, Suribidari, |e author. | |
| 245 | 1 | 0 | |a Perkembangan pelabuhan Sandakan, 1879-1941 / |c Suribidari Samad. |
| 264 | 1 | |c 2018. | |
| 300 | |a xi, 163 leaves : |b illustrations, maps ; |c 30 cm | ||
| 336 | |a text |2 rdacontent | ||
| 337 | |a unmediated |2 rdamedia | ||
| 338 | |a volume |2 rdacarrier | ||
| 502 | |b M.A. |c Jabatan Sejarah, Fakulti Sastera dan Sains Sosial, Universiti Malaya |d 2018. | ||
| 504 | |a Bibliography: leaves 156-163. | ||
| 610 | 2 | 0 | |a British North Borneo Chartered Company. |
| 650 | 0 | |a Harbors |z Malaysia |z Sabah |x History. | |
| 650 | 0 | |a Economic development |z Malaysia |z Sabah |x History. | |
| 651 | 0 | |a Sabah |x Economic conditions. | |
| 710 | 2 | |a Universiti Malaya. |b Jabatan Sejarah, |e degree granting institution. | |
| 900 | |a NNANS NSM | ||
| 596 | |a 1 | ||
| 999 | |a D7 UM 2018 SAM |w LC |c 1 |i A517199814 |f 5/12/2019 |g 1 |l STACKS |m P01UTAMA |r Y |s Y |t TESIS |u 29/11/2019 |1 AHSS |o .STAFF. Surat agreement & CD tidak disertakan (FSSS). | ||
